[Event "Deggendorf op 2nd"]
[Site "Deggendorf"]
[Date "2008.05.18"]
[Round "5"]
[White "Ammerl, Christian"]
[Black "Truckenbrodt, Sven"]
[Result "1-0"]
[WhiteElo "1559"]
[BlackElo "1251"]
[PlyCount "85"]
[EventDate "2008.05.16"]
[EventType "swiss"]
[EventRounds "5"]
[EventCountry "GER"]
[SourceTitle "CBM 124 Extra"]
[Source "ChessBase"]
[SourceDate "2008.07.03"]
[SourceVersion "1"]
[SourceVersionDate "2008.07.03"]
[SourceQuality "1"]

1. c4 Nf6 2. Nc3 g6 3. e4 d6 4. d3 Bg7 5. g3 e5 6. Bg2 Nc6 7. Nge2 0-0 8. 0-0 Nh5 9. Rb1 f5 10. exf5 Bxf5 11. b4 Nf6 12. b5 Ne7 13. Bxb7 Rb8 14. Bg2 d5 15. Ra1 d4 16. Ne4 Nxe4 17. dxe4 Bg4 18. f3 Be6 19. Qd3 c5 20. f4 Qc8 21. Ba3 a6 22. bxa6 Qxa6 23. Bxc5 Bxc4 24. Qd2 Bxe2 25. Bxe7 Bxf1 26. Bxf8 Bxg2 27. Bxg7 Kxg7 28. Kxg2 Qe6 29. fxe5 Qxe5 30. Qc2 d3 31. Qc6 Qxa1 32. Qc7+ Kh6 33. Qxb8 Qxa2+ 34. Kh3 Qe6+ 35. g4 Qxe4 36. Qf8+ Kg5 37. Qd8+ Kf4 38. Qd6+ Ke3 39. Qb6+ Ke2 40. Qb2+ d2 41. Kh4 Ke1 42. Kg3 d1Q 43. Qf2# 1-0